| 000 | 00510nam a2200181Ia 4500 | ||
|---|---|---|---|
| 999 |
_c28100 _d28100 |
||
| 003 | OSt | ||
| 005 | 20201112121052.0 | ||
| 008 | 190216s9999||||xx |||||||||||||| ||und|| | ||
| 020 | _a9788171808182 | ||
| 040 | _coclc | ||
| 082 |
_a894.8123 _bDOS/V |
||
| 100 |
_aDostoyevsky, Fydor _96152 |
||
| 245 | 0 |
_aViswasthanaya Kallan / _cFydor Dostoyevsky |
|
| 260 |
_bPoorna Pubs, _aKozhikode: _c2000. |
||
| 300 | _a63p | ||
| 650 | _aNovel | ||
| 942 |
_cBK _2ddc _h894.8123 _iDOS/V _k894.8123 _mDOS/V |
||